Reliez les paroles des chansons de Serge Gainsbourg à son titre - Statistiques

Statistiques générales
  • Ce quiz a été pris 407 fois
  • Le résultat moyen est 8 sur 11
Statistiques - réponses
Hint Réponse % Correct
"J'fais des trous, des petits trous, encore des petits trous" Le Poinçonneur des Lilas
95%
"Amour sacré de la Patrie, conduis, soutiens nos bras vengeurs, Liberté, Liberté chérie" Aux armes et cætera
81%
"J'avoue j'en ai bavé pas vous mon amour, avant d'avoir eu vent de vous mon amour" La Javanaise
80%
"Tu t'souviens des jours anciens et tu pleures, tu suffoques, tu blêmis à présent qu'à sonné l'heure des adieux à jamais" Je suis venu te dire que je m’en vais
77%
"Comme la vague irrésolue, je vais, je vais et je viens entre tes reins" Je t’aime moi non plus
73%
"Et chaque fois les feuilles mortes te rappellent à mon souvenir, jour après jour les amours mortes n'en finissent pas de mourir" La Chanson de Prévert
71%
"J'aime quand pour moi tu danses, alors j'entends murmurer tous tes bracelets, jolis bracelets à tes pieds ils se balancent" Couleur café
66%
"Écoute les orgues elles jouent pour toi, il est terrible cet air là, j'espère que tu aimes" Requiem pour un con
57%
"J'ai sur le bout de la langue ton prénom presque effacé" Comme un boomerang
54%
"Tandis que des médailles d'impérator font briller à sa taille le bronze et l'or, le platine lui grave d'un cercle froid la marque des esclaves à chaque doigt" Initials B.B.
52%
"Aucun Boeing sur mon transit, aucun bateau sur mon transat, je cherche en vain la porte exacte" L’Anamour
49%
Aucun quiz correspondant
Distribution des résultats
% des personnes avec chaque résultat
Percentile par nombre de réponses
Votre historique - résultats
Vous n’avez pas pris ce quiz